000 04113nam0a2200517 i 4500
001 RU\NLR\bibl\1922645
005 20260406021901.0
010 _a9785911346249
_91000
021 _aRU
_b2012-43979
_93248
035 _a(nilc)LIBNET\0000224491
035 _aRU/Архангельская ОНБ/DOLIB/448418
035 _aLIBNET\0000264493
035 _a(NLR Aleph) 001912090
090 _a3190245
_c3190245
100 _a20120403d2012 u y0rusy50 ca
101 0 _arus
102 _aRU
105 _ay |||||||||
200 1 _aСиндромная патология, дифференциальная диагностика и фармакотерапия
_eучебное пособие
_eдля студентов учреждений среднего профессионального образования, обучающихся по группе специальностей 060101 (52) Лечебное дело
_fГ. Д. Тобулток, Н. А. Иванова
205 _a3-е изд., испр. и доп.
210 _aМосква
_cФорум
_d2012
215 _a335 с.
_cил., табл.
_d22
320 _aБиблиогр.: с. 328-329 (35 назв.)
330 _aКнига содержит сведения по диагностике основных синдромов, имеющих практическое значение, и дифференциальной внутрисиндромной диагностике. В ней даны диагностические критерии основных заболеваний, представляющих конкретный синдром. В книге освещены вопросы фармакотерапии синдромов, указан объем неотложной помощи и тактика фельдшера при ургентных состояниях синдромов на догоспитальном этапе, включающая правила транспортировки пациентов. Учебное пособие составлено в соответствии с Государственными требованиями к минимуму содержания и уровню подготовки выпускника по специальности 060101(52) "Лечебное дело". Оно предназначено для студентов фельдшерского отделения медицинских колледжей и училищ, а также может быть использовано практикующими фельдшерами.
606 _aСиндромы
_jУчебные издания для среднего профессионального образования
_xДифференциальная диагностика
_92352582
_3RU\NLR\auth\661405419
606 _aСиндромы
_jУчебные издания для среднего профессионального образования
_xФармакотерапия
_92352584
_3RU\NLR\auth\661405420
686 _a53.41я723
_vLBC/PL
_2rubbk
686 _a53.48я723
_vLBC/PL
_2rubbk
686 _a53.52я723
_vLBC/PL
_2rubbk
686 _a76.13.15
_2rugasnti
686 _a76.29
_2rugasnti
686 _a76.31.29
_2rugasnti
686 _a031
_aФармакология. Лекарствоведение. Токсикология
_2TCC-BG
686 _a0325
_aДиспансеризация. Общая диагностика
_2TCC-BG
686 _aР341.2я72
700 1 _aТобулток
_bГ. Д.
_gГалина Дмитриевна
_4070
701 1 _4070
_8rus
_7ca
_aИванова
_bН. А.
_cврач, лечебное дело
_gНаталья Александровна
_3RU\NLR\auth\77123427
_9106352
801 0 _bАрхангельская ОНБ
_aRU
_c20120403
_gRCR
801 1 _aRU
_bАрхангельская ОНБ
_c20120403
801 2 _aRU
_bЦУНБ Москва
_c20120810
_gRCR
801 2 _aRU
_bNLR
_c20120709
_grcr
830 _aCODE_OF_LIBNET\000067149
830 _aавт. по кн.
942 _cBOOK
980 _aNBR